Hodge theory in the Sobolev topology for the de Rham complex

Αποθηκεύτηκε σε:
Λεπτομέρειες βιβλιογραφικής εγγραφής
Κύριος συγγραφέας: Fontana, Luigi 1960-
Άλλοι συγγραφείς: Krantz, Steven G. (Steven George) 1951-, Peloso, Marco M.
Μορφή: Βιβλίο
Γλώσσα:English
Δημοσίευση: Providence, R.I. : American Mathematical Society, 1998
Σειρά:Memoirs of the American Mathematical Society ; ; 622
Θέματα:
Ετικέτες: Προσθήκη ετικέτας
Δεν υπάρχουν, Καταχωρήστε ετικέτα πρώτοι!

MARC

LEADER 00000nam a2200000 i 4500
001 1/91102
008 991014s1998 eng d
020 |a 0-8218-0830-3 
035 |l 10053425 
040 |a GR-MY-UA  |b gre  |e aacr 
041 0 |a eng 
082 0 |a 515.353 
100 1 |a Fontana, Luigi  |d 1960- 
245 1 0 |a Hodge theory in the Sobolev topology for the de Rham complex /  |c Luigi Fontana, Steven G. Krantz, Marco M. Peloso 
260 |a Providence, R.I. :   |b American Mathematical Society,   |c 1998 
300 |a viii, 100 p.;  |b ill.;  |c 26 cm. 
490 1 |a Memoirs of the American Mathematical Society  |v ; 622 
500 |a "January 1998, volume 131, number 622 (second of 4 numbers)" 
500 |a Includes bibliographical references 
650 0 0 |a Differential equations, Elliptic. 
650 0 0 |a Hodge theory. 
650 0 0 |a Boundary value problems. 
650 0 0 |a Complexes. 
700 1 |a Krantz, Steven G.  |q (Steven George)  |d 1951- 
700 1 |a Peloso, Marco M. 
830 0 |a Memoirs of the American Mathematical Society ;  |v ; 622 
852 |a INST  |b SAMOS  |e 19991014  |h 515.353 FON  |p 005300012343  |q 005300012343  |t BK  |y 0 
901 |a BIBL3-1999-3 
909 |a Σ  |b 063412 
922 |a 3ΕΛΗ  |b 199907  |c ΕΠΕΑΕΚ/ΜΑΘ  |d ΠΑΠΑΣΩΤΗΡΙΟΥ 
970 |a ΠΟΥΡΝΑΡΑΣ  |b ΔΗΜΗΤΡΗΣ  |z 1999/10/14